|
|
|
|
| LEADER |
01241naa a2200373 a 4500 |
| 001 |
000000268 |
| 003 |
SVKKK |
| 005 |
20071019093313.0 |
| 008 |
030616c1991 xo e engo |
| FMT |
|
|
|
| 038 |
|
|
|a SVKKK
|
| 040 |
|
|
|a SVKKK
|b slo
|e AACR2
|
| 041 |
0 |
|
|a eng
|b rus
|
| 044 |
|
|
|a xo
|c SK
|
| 080 |
|
|
|a 552.4"613":550.
|2 1981
|
| 100 |
1 |
|
|a Hovorka, Dušan
|4 aut
|
| 242 |
1 |
0 |
|a Predvrchnokarbonske gneissy Strážovských vrchov a Malej Fatry (Západné Karpaty)
|
| 245 |
1 |
0 |
|a Pre-Upper Carboniferous Gneisses of the Strážovské vrchy Upland and the Malá Fatra Mts. (the Western Carpathians)
|c Hovorka Dušan, Méres Štefan
|
| 300 |
|
|
|b Fot. 16, obr. 25, sch. 1, tab. 3
|
| 500 |
|
|
|a Bratislava, Univerzita Komenského
|
| 504 |
|
|
|a Res. rus., lit. 62 zázn. v rôz. jaz.
|
| 650 |
0 |
4 |
|a analýza elementárna
|x štúdie
|
| 650 |
0 |
4 |
|a geochémia
|
| 650 |
0 |
4 |
|a gneissy predvrchnokarbonske
|
| 650 |
0 |
4 |
|a mineralogia
|
| 650 |
0 |
4 |
|a vznik
|z Strážovská vrchovina
|z Malá Fatra
|
| 700 |
1 |
|
|a Méres, Štefan
|4 aut
|
| 773 |
0 |
|
|t Acta Geologica et Geographica Universitatis Comenianae
|z 80-08-01077-0
|g S. 103 - 169
|
| 958 |
|
|
|a NP
|
| 974 |
|
|
|d 940720
|a 245/186
|
| 992 |
|
|
|a RZB
|
| BAS |
|
|
|
| 852 |
|
|
|a SVKKK
|b BIB
|
| 998 |
|
|
|a GEO
|